| 000 | 00740nam a22002173a 4500 | ||
|---|---|---|---|
| 005 | 20250905063951.0 | ||
| 008 | 010531s1996 mx fr 000 0 spa d | ||
| 020 | _a0313298149 | ||
| 035 | _aUPN01000116308 | ||
| 049 | _aCG | ||
| 050 | 4 |
_aHC125 _bL3.4 |
|
| 245 | 0 | 0 |
_aLatin America in the world-economy / _ced. Roberto Patricio Karzeniewics. |
| 260 |
_aWestport, London : _bPraeger, _c1996. |
||
| 300 |
_a280 p. : _bil. |
||
| 440 | 0 | _aContributions in economics and economic history | |
| 440 | 0 | _aStudies in political economy of the world system | |
| 651 | 4 |
_aAmérica Latina _xCondiciones económicas _92747 |
|
| 651 | 2 |
_aAmérica Latina _xCondiciones sociales _92836 |
|
| 700 | 1 |
_aKorzeniewics, Roberto Patricio, _eed. |
|
| 905 | _aLibro | ||
| 999 |
_c89059 _d89059 |
||